La era de Rosenvelt : la crisis del orden antiguo
Uloženo v:
| Hlavní autor: | |
|---|---|
| Médium: | Kniha |
| Jazyk: | španělština |
| Vydáno: |
México D.F.
UTHEA.
c1968.
|
| Témata: | |
| Tagy: |
Přidat tag
Žádné tagy, Buďte první, kdo vytvoří štítek k tomuto záznamu!
|
MARC
| LEADER | 00000nam a22000005a 4500 | ||
|---|---|---|---|
| 001 | 16730 | ||
| 003 | CL-ChBUA | ||
| 005 | 20120815103618.0 | ||
| 008 | 070301s1968 mx 000 0 spa | ||
| 040 | |a CL-ChBUA |c CL-ChBUA | ||
| 082 | 0 | 0 | |a 973.911 |
| 090 | |c 16730 |d 16730 | ||
| 100 | 1 | |a Schlesinger, Arthur M. | |
| 245 | 1 | 0 | |a La era de Rosenvelt : |b la crisis del orden antiguo |
| 260 | |b UTHEA. |a México D.F. |c c1968. | ||
| 650 | 4 | |a ESTADOS UNIDOS - HISTORIA. | |
| 942 | |c LIB | ||
| 952 | |0 0 |1 0 |4 0 |7 0 |9 23197 |a UNACH |b UNACH |c 900 |d 2007-03-05 |i 35.374. |l 0 |o 973.911 / Sch 342. |p 24196 |r 2013-06-17 00:00:00 |u 23197 |w 2012-08-08 |y LIB |k 973.911 / Sch 342. | ||
| 999 | |c 16730 |d 16730 | ||